[Event "IECG TE.2004.P.01607 email"]
[Site "IECG email"]
[Date "2004.09.22"]
[Round "?"]
[White "Kipper, Daniel"]
[Black "Precerutti, Juan Arturo"]
[Result "0-1"]
[WhiteElo "800"]
[BlackElo "1813"]
[PlyCount "35"]
[EventDate "2004.09.22"]
[EventType "tourn (corr)"]
[EventRounds "8"]
[SourceTitle "Corr 2008"]
[Source "ChessBase"]
[SourceDate "2008.06.24"]
[SourceVersion "1"]
[SourceVersionDate "2008.06.24"]
[SourceQuality "1"]

1. e4 c6 2. d4 d5 3. e5 Bf5 4. Nc3 e6 5. g4 Bg6 6. Nge2 c5 7. h4 h5 8. Nf4 Bh7 9. Nxh5 cxd4 10. Qxd4 Nc6 11. Qa4 a6 12. Bg5 Nge7 13. 0-0-0 b5 14. Bxe7 Bxe7 15. Qf4 Kf8 16. Bd3 Qc7 17. Rhe1 b4 18. Nb1 0-1

[Event "IECG CP.2001.P.00022"]
[Site "IECG email"]
[Date "2001.10.01"]
[Round "?"]
[White "Kipper, Daniel"]
[Black "Liu, Zhihao"]
[Result "0-1"]
[WhiteElo "800"]
[BlackElo "1540"]
[PlyCount "38"]
[EventDate "2001.10.01"]
[EventType "tourn (corr)"]
[EventRounds "6"]
[SourceTitle "Corr 2008"]
[Source "ChessBase"]
[SourceDate "2008.06.24"]
[SourceVersion "1"]
[SourceVersionDate "2008.06.24"]
[SourceQuality "1"]

1. e4 e6 2. d4 d5 3. Nc3 Bb4 4. e5 c5 5. a3 Ba5 6. b4 cxd4 7. Qg4 Ne7 8. bxa5 dxc3 9. Qxg7 Rg8 10. Qxh7 Nbc6 11. f4 Qxa5 12. Rb1 Nd4 13. Qd3 Nef5 14. Nf3 Nxf3+ 15. Qxf3 Bd7 16. Bd3 Nh4 17. Qf2 Nxg2+ 18. Kf1 Bc6 19. Rg1 d4 0-1